Visualizzazione normale
Vista MARC
- Tarkovskij Andrej
di Personal Name
Records bibliografici associati: 1
001 - CONTROL NUMBER
- control field: 46212
003 - CONTROL NUMBER IDENTIFIER
- control field: IT-RoPau
005 - DATE AND TIME OF LATEST TRANSACTION
- control field: 20151129222412.0
008 - FIXED-LENGTH DATA ELEMENTS
- fixed length control field: 151129|| aca||aabn | a|a d
040 ## - CATALOGING SOURCE
- Original cataloging agency: IT-RoPau
- Transcribing agency: IT-RoPau
100 ## - HEADING--PERSONAL NAME
- Personal name: Tarkovskij Andrej
- Relator term: (regista)
- Miscellaneous information: Codice regista SPICS: 1652
670 ## - SOURCE DATA FOUND
- Source citation: Work cat.: (IT-RoPau)106312: Tarkovskij Andrej Codice regista SPICS: 1652 46209, STRASTI PO ANDREIU (LA PASSIONE SECONDO ANDREA) STRASTI PO ANDREIU (LA PASSIONE SECONDO ANDREA) (Rif. Codice opera principale : 76599)